[Event "Portugal Open 2020"]
[Site "Lisbon"]
[Date "2020.01.26"]
[Round "2.41"]
[White "Risting, Eivind Olav"]
[Black "Figueiredo, Mario"]
[Result "1-0"]
[WhiteElo "2306"]
[BlackElo "1939"]
[Annotator "NA"]
[PlyCount "107"]
[EventDate "2020.01.25"]
[EventType "swiss"]
[EventCountry "POR"]
[SourceTitle "playchess.com"]
[Source "ChessBase"]
[SourceQuality "1"]
[TimeControl "5400+30"]

1. d4 {[%emt 0:00:02]} Nf6 {[%emt 0:03:08]} 2. c4 {[%emt 0:00:17]} e5 {[%emt 0:00:31]} 3. dxe5 {[%emt 0:00:50]} Ne4 {[%emt 0:00:47]} 4. Nf3 {[%emt 0:03:08]} Bb4+ {[%emt 0:00:42]} 5. Nbd2 {[%emt 0:10:23]} Nc6 {[%emt 0:01:11]} 6. e3 {[%emt 0:01:41]} O-O {[%emt 0:05:51]} 7. Be2 {[%emt 0:03:00]} Qe7 {[%emt 0:02:34]} 8. O-O {[%emt 0:08:01]} Nxd2 {[%emt 0:13:24]} 9. Nxd2 {[%emt 0:00:30]} Bxd2 {[%emt 0:00:30]} 10. Qxd2 Nxe5 11. f4 {[%emt 0:03:44]} Nc6 {[%emt 0:03:34]} 12. Bf3 {[%emt 0:02:32]} d6 {[%emt 0:13:12]} 13. Re1 Be6 14. b3 {[%emt 0:00:53]} Rad8 {[%emt 0:01:48]} 15. Bb2 {[%emt 0:01:50]} f6 {[%emt 0:06:15]} 16. Rad1 {[%emt 0:04:57]} Rd7 {[%emt 0:03:37]} 17. g4 {[%emt 0:03:38]} Rfd8 {[%emt 0:02:57]} 18. Qg2 {[%emt 0:01:09]} f5 {[%emt 0:07:57]} 19. gxf5 {[%emt 0:00:54]} Bxf5 {[%emt 0:00:38]} 20. e4 {[%emt 0:01:26]} Be6 {[%emt 0:02:24]} 21. f5 {[%emt 0:00:17]} Ne5 {[%emt 0:02:50]} 22. Bxe5 {[%emt 0:01:41]} dxe5 {[%emt 0:01:27]} 23. fxe6 {[%emt 0:00:14]} Rxd1 {[%emt 0:03:47]} 24. Rxd1 {[%emt 0:00:42]} Rxd1+ {[%emt 0:00:39]} 25. Bxd1 {[%emt 0:00:07]} Qxe6 {[%emt 0:00:04]} 26. Bg4 {[%emt 0:02:56]} Qd6 {[%emt 0:03:59]} 27. Qf2 {[%emt 0:01:10]} b6 {[%emt 0:01:10]} 28. c5 {[%emt 0:03:46]} Qc6 {[%emt 0:08:49]} 29. Be2 {[%emt 0:06:53]} g6 {[%emt 0:04:38]} 30. Bc4+ {[%emt 0:00:47]} Kg7 {[%emt 0:00:08]} 31. Qf7+ {[%emt 0:01:57]} Kh6 {[%emt 0:00:08]} 32. Qf8+ {[%emt 0:00:17]} Kg5 {[%emt 0:02:16]} 33. h4+ {[%emt 0:01:46]} Kxh4 {[%emt 0:00:33]} 34. Qh6+ {[%emt 0:00:10]} Kg3 {[%emt 0:00:41]} 35. Qh2+ {[%emt 0:07:11]} Kf3 {[%emt 0:01:13]} 36. Qxe5 {[%emt 0:01:23]} Qd7 {[%emt 0:01:54]} 37. Qc3+ {[%emt 0:03:03]} Kxe4 {[%emt 0:01:12]} 38. Qe1+ {[%emt 0:01:08]} Kf4 {[%emt 0:00:21]} 39. Qf2+ {[%emt 0:01:42]} Kg5 {[%emt 0:00:48]} 40. Qe3+ {[%emt 0:04:26]} Kf6 {[%emt 0:01:26]} 41. Qc3+ {[%emt 0:04:56]} Kg5 {[%emt 0:00:19]} 42. Qe3+ {[%emt 0:01:41]} Kf6 {[%emt 0:00:09]} 43. Kh2 {[%emt 0:01:04]} h5 {[%emt 0:00:26]} 44. cxb6 {[%emt 0:02:14]} cxb6 {[%emt 0:00:09]} 45. Bd3 {[%emt 0:02:31]} Qd6+ {[%emt 0:00:33]} 46. Kg2 {[%emt 0:00:19]} Kg7 {[%emt 0:01:07]} 47. Qe4 {[%emt 0:00:38]} h4 {[%emt 0:00:39]} 48. Qf3 {[%emt 0:00:48]} g5 {[%emt 0:00:40]} 49. Kh3 {[%emt 0:00:50]} Qd4 {[%emt 0:00:45]} 50. Qf5 {[%emt 0:02:28]} Qe3+ {[%emt 0:00:11]} 51. Kg4 {[%emt 0:00:52]} Qg3+ {[%emt 0:00:49]} 52. Kh5 {[%emt 0:00:05]} h3 {[%emt 0:00:28]} 53. Qg6+ {[%emt 0:01:28]} Kf8 {[%emt 0:00:07]} 54. Qf6+ 1-0

[Event "Portugal Open 2020"]
[Site "Lisbon"]
[Date "2020.01.26"]
[Round "2.42"]
[White "Candeias, Humberto"]
[Black "Chkhaidze, Nikoloz"]
[Result "0-1"]
[WhiteElo "1921"]
[BlackElo "2288"]
[Annotator "NA"]
[PlyCount "50"]
[EventDate "2020.01.25"]
[EventType "swiss"]
[EventCountry "POR"]
[SourceTitle "playchess.com"]
[Source "ChessBase"]
[SourceQuality "1"]
[TimeControl "5400+30"]

1. d4 {[%emt 0:02:51]} d5 {[%emt 0:00:00]} 2. c4 {[%emt 0:00:20]} e6 {[%emt 0:00:12]} 3. Nc3 {[%emt 0:00:36]} c5 {[%emt 0:03:21]} 4. e3 {[%emt 0:03:08]} Nf6 {[%emt 0:00:12]} 5. Nf3 {[%emt 0:00:55]} Nc6 {[%emt 0:00:03]} 6. Be2 {[%emt 0:02:17]} a6 {[%emt 0:03:05]} 7. O-O {[%emt 0:00:24]} dxc4 {[%emt 0:01:12]} 8. Bxc4 {[%emt 0:00:32]} b5 {[%emt 0:00:31]} 9. Bd3 {[%emt 0:05:18]} cxd4 {[%emt 0:02:13]} 10. exd4 {[%emt 0:00:59]} Bb7 {[%emt 0:00:09]} 11. Ne4 {[%emt 0:04:46]} Nb4 {[%emt 0:02:02]} 12. Nxf6+ {[%emt 0:01:15]} gxf6 {[%emt 0:06:22]} 13. Be2 {[%emt 0:03:19]} Bd6 {[%emt 0:00:39]} 14. a4 {[%emt 0:08:11]} bxa4 {[%emt 0:03:40]} 15. Qxa4+ {[%emt 0:01:46]} Bc6 {[%emt 0:00:28]} 16. Qa5 {[%emt 0:00:13]} Qb8 {[%emt 0:00:48]} 17. Qh5 {[%emt 0:01:26]} Ke7 {[%emt 0:00:24]} 18. d5 {[%emt 0:18:31]} Bxd5 {[%emt 0:01:44]} 19. Ra5 {[%emt 0:22:34]} Qb6 {[%emt 0:02:58]} 20. Rxd5 {[%emt 0:00:53]} Nxd5 {[%emt 0:00:41]} 21. Bc4 {[%emt 0:03:06]} Qc5 {[%emt 0:05:11]} 22. Qh4 {[%emt 0:03:25]} Rhg8 {[%emt 0:07:13]} 23. Re1 {[%emt 0:02:48]} h5 {[%emt 0:04:37]} 24. b3 {[%emt 0:02:59]} Rg4 {[%emt 0:01:55]} 25. Qxh5 {[%emt 0:01:20]} Rxg2+ {[%emt 0:02:25]} 0-1

[Event "Portugal Open 2020"]
[Site "Lisbon"]
[Date "2020.01.26"]
[Round "3.1"]
[White "Alshameary Puente, Ismael"]
[Black "Motylev, Alexander"]
[Result "1/2-1/2"]
[WhiteElo "2385"]
[BlackElo "2640"]
[Annotator "TA"]
[PlyCount "30"]
[EventDate "2020.01.25"]
[EventType "swiss"]
[EventCountry "POR"]
[SourceTitle "playchess.com"]
[Source "ChessBase"]
[SourceQuality "1"]

{[%evp 18,30,28,22,35,38,50,40,34,35,50,0,28,0,48]} 1. d4 Nf6 2. c4 e6 3. Nf3 d5 4. Nc3 Be7 5. Bg5 O-O 6. e3 Nbd7 7. Qc2 h6 8. Bh4 c6 9. Rd1 a6 10. a3 b5 {D61: Queen's Gambit Declined: Classical: 7 Qc2} (10... b6 11. Be2 Bb7 12. O-O Qe8 13. Rfe1 dxc4 14. Bxc4 c5 15. d5 exd5 16. Nxd5 Bxd5 17. Bxd5 Nxd5 18. Rxd5 Bxh4 19. Nxh4 {0-1 (47) Salem,A (2638)-Kasimdzhanov,R (2683) Riadh 2017}) 11. c5 Re8 12. Bg3 $146 ({Predecessor:} 12. h3 g5 13. Bg3 Nh5 14. Bh2 f5 15. g4 Ng7 16. Bd3 Rf8 17. Bd6 Bxd6 18. cxd6 {1-0 (35) Sadorra,J (2374)-Dao,T (2557) Singapore 2006}) 12... Nh5 13. Be5 Nhf6 14. Bg3 Nh5 15. Be5 Nhf6 1/2-1/2

[Event "Portugal Open 2020"]
[Site "Lisbon"]
[Date "2020.01.26"]
[Round "3.2"]
[White "Tari, Aryan"]
[Black "Sarkar, Justin"]
[Result "1/2-1/2"]
[WhiteElo "2635"]
[BlackElo "2385"]
[Annotator "TA"]
[PlyCount "39"]
[EventDate "2020.01.25"]
[EventType "swiss"]
[EventCountry "POR"]
[SourceTitle "playchess.com"]
[Source "ChessBase"]
[SourceQuality "1"]

{[%evp 10,39,32,0,19,1,7,6,12,0,9,0,12,-29,-33,-35,-35,-48,-22,-24,0,-51,-53,-57,-51,-45,-44,-54,-25,-70,-63,-84]} 1. e4 e5 2. Nf3 Nc6 3. Bb5 a6 4. Ba4 Nf6 5. d3 d6 6. c4 Bg4 {C77: Ruy Lopez: 3...a6 4 Ba4 Nf6, unusual lines} 7. Be3 (7. h3 Bxf3 8. Qxf3 Nd7 9. Be3 Be7 10. O-O O-O 11. Qg3 Nc5 12. Bxc5 dxc5 13. Bxc6 bxc6 14. Nc3 Qd4 15. Qe3 Rfd8 16. Rad1 Qd6 17. Na4 Rd7 18. Rfe1 Rad8 {½-½ (47) Huschenbeth,N (2601)-Sutovsky,E (2689) Austria 2017}) 7... Be7 8. Nc3 O-O {The position is equal.} 9. h3 Bxf3 10. Qxf3 Nd7 11. Rd1 $146 ({Predecessor:} 11. Bxc6 bxc6 12. O-O Rb8 13. b3 Bf6 14. Rad1 {½-½ (30) Velicka,P (2490)-Stocek,J (2567) Czechia 2011}) 11... b5 {[#] Strongly threatening ...Nd4.} 12. Bb3 Nd4 13. Qg4 Nf6 14. Qg3 Nh5 15. Qh2 (15. Qg4 $11 Nf6 16. Qg3) 15... bxc4 $15 16. Bxc4 Nc2+ 17. Kd2 Nd4 18. Kc1 c6 19. Kb1 Rb8 20. Rd2 {Accuracy: White = 64%, Black = 69%.} 1/2-1/2

[Event "Portugal Open 2020"]
[Site "Lisbon"]
[Date "2020.01.26"]
[Round "3.3"]
[White "Bashirli, Nail"]
[Black "Grigoryan, Karen H."]
[Result "1/2-1/2"]
[WhiteElo "2379"]
[BlackElo "2632"]
[Annotator "TA"]
[PlyCount "91"]
[EventDate "2020.01.25"]
[EventType "swiss"]
[EventCountry "POR"]
[SourceTitle "playchess.com"]
[Source "ChessBase"]
[SourceQuality "1"]

{[%evp 14,91,6,0,13,14,17,0,12,21,13,-32,7,-50,-46,-54,-46,-52,-53,-40,0,-45,-57,-58,-34,-89,-70,-94,-64,-64,-42,-72,-79,-101,-91,-173,-156,-163,-34,-55,117,110,320,312,322,322,322,329,329,329,329,329,329,329,329,329,307,314,314,314,292,300,300,300,292,285,280,274,260,0,260,39,41,41,41,53,57,37,44,0]} 1. e4 c5 2. Nf3 d6 3. d4 cxd4 4. Nxd4 Nf6 5. Nc3 a6 6. Bc4 e6 7. Bb3 Nbd7 8. Bg5 Qa5 {B86: Sicilian Scheveningen/Najdorf: 6 Bc4, without early ...b5} (8... Nc5 9. O-O Be7 10. Re1 Qc7 11. f4 O-O 12. e5 dxe5 13. fxe5 Ne8 14. Bxe7 Qxe7 15. Qf3 Bd7 16. Ne4 Rd8 17. Rad1 Nxe4 18. Qxe4 {0-1 (58) Rublevsky,S (2651)-Tsydypov,Z (2553) Sochi 2019}) 9. Qd2 Be7 10. O-O-O h6 {The position is equal.} 11. Bh4 Nc5 12. Rhe1 Qc7 13. f4 (13. Bg3 $11) 13... Nfxe4 $15 {[%mdl 64] Discovered Attack} 14. Nxe4 Bxh4 15. g3 $146 ({Predecessor:} 15. Nf5 Bxe1 16. Nexd6+ {0-1 (22) Benderac,S (2296)-Djukic,N (2546) Bar 2015}) 15... Be7 16. Nc3 Qd8 17. Qe3 (17. Bxe6 $5 Nxe6 18. Nf5 $15) 17... Bd7 18. Kb1 O-O {[#]} 19. g4 (19. Nd5 $1 $15 {[%mdl 512]}) 19... b5 {[%cal Bb7b5,Bb5b4][%mdl 32]} 20. h4 b4 21. Ne4 Nxb3 22. axb3 d5 23. Nd2 Bxh4 24. Rh1 {[#]} (24. Rg1 $17 {was called for.}) 24... e5 $1 $19 {[%cal Re5d4]} 25. fxe5 (25. Qxe5 Bxg4) 25... Bxg4 ({Black should try} 25... Bg5 $1 $19 {[%cal Rg5e3]} 26. Qg3 a5) 26. Rdg1 Bg5 $2 (26... Qg5 $1 $15 {keeps the upper hand.} 27. Qxg5 Bxg5 28. Rxg4 Bxd2) 27. Qd3 $16 Qc8 $2 (27... f5 $16) 28. N2f3 $18 f6 29. Nxg5 fxg5 {[#]} 30. Rxh6 $1 {[%mdl 512] Intending Qh7+ and mate.} Bf5 {[#]} (30... gxh6 31. Qg6+) 31. Nxf5 $1 {[%mdl 512]} Qxf5 32. Qxd5+ Qf7 33. e6 $1 {[%cal Re6f7]} Qf5 {[#]} 34. Qh1 $3 {[%csl Gh1][%cal Rh6h8][%mdl 512]} gxh6 35. Qxh6 Ra7 36. Rxg5+ Qxg5 37. Qxg5+ {[%mdl 4096] Endgame KQ-KRR} Rg7 {[#]} 38. Qd5 $1 {aiming for e7+.} Re8 39. e7+ Rf7 40. Qg5+ Rg7 41. Qd5+ Rf7 42. Qc4 $2 ({White should play} 42. Qd6 $18 {Strongly threatening Qg6+.} Rfxe7 43. Qxb4 (43. Qxa6 Re1+ 44. Ka2 Kg7 $18)) 42... a5 $1 $14 {White is slightly better.} 43. Qg4+ Rg7 44. Qe6+ Kh8 45. Qh6+ Kg8 46. Qe6+ {Accuracy: White = 36%, Black = 48%.} 1/2-1/2

[Event "Portugal Open 2020"]
[Site "Lisbon"]
[Date "2020.01.26"]
[Round "3.4"]
[White "Alekseev, Evgeny"]
[Black "Soham Das"]
[Result "1-0"]
[WhiteElo "2623"]
[BlackElo "2355"]
[Annotator "TA"]
[PlyCount "81"]
[EventDate "2020.01.25"]
[EventType "swiss"]
[EventCountry "POR"]
[SourceTitle "playchess.com"]
[Source "ChessBase"]
[SourceQuality "1"]

{[%evp 11,81,22,30,29,25,17,25,19,24,19,12,10,9,-2,0,0,80,86,114,104,232,239,243,227,208,108,166,174,154,125,310,176,170,176,166,158,245,212,245,239,285,281,246,237,224,130,143,150,145,146,219,230,225,234,226,226,224,219,277,268,385,359,346,335,312,262,268,234,547,247,29994,29995]} 1. e4 c5 2. Nf3 d6 3. Bb5+ Bd7 4. Bxd7+ Nxd7 5. O-O Ngf6 6. Qe2 Rc8 7. c3 {B52: Sicilian: Moscow Variation with 3...Bd7} (7. b3 g6 8. Bb2 e5 9. d3 Bg7 10. Nc3 Nf8 11. Nd2 Ne6 12. Nc4 a6 13. a4 O-O 14. g3 Nd4 {½-½ (43) Anand,V (2767)-Vachier Lagrave,M (2779) Zagreb 2019}) 7... e6 8. d4 cxd4 9. cxd4 {White has an edge.} Nb6 10. Nc3 Be7 11. a4 {[%cal Ba2a4,Ba4a5][%mdl 32]} O-O 12. a5 $146 ({Predecessor:} 12. Bg5 d5 13. Bxf6 Bxf6 14. e5 Be7 15. a5 {1-0 (36) Karayev,A (2275)-Tiraturyan,D (2158) Kemer 2009}) 12... Nc4 13. a6 $36 {[%mdl 2048] White has some pressure.} Qb6 (13... bxa6 $11 {keeps the balance.} 14. Rxa6 d5) 14. Ra4 $16 {aiming for axb7.} Na5 15. axb7 Rc7 (15... Nxb7 $16 16. Ra6 Qd8) 16. d5 $1 $18 {Threatens to win with Be3.} (16. e5 Nd5 $16) 16... Nxb7 17. dxe6 fxe6 18. Ra6 ({White should try} 18. Be3 $1 $18 {[%cal Re3b6]} Nc5 19. Ng5) 18... Qb4 (18... Qc5 $16 19. Be3 Qc4 20. Rxa7 Rb8) 19. Rxa7 Rfc8 20. Bd2 Qb3 $2 (20... Qb6 $16 21. Ra6 Qb3) 21. Be3 (21. Nb5 $142) 21... Nc5 22. Bxc5 dxc5 23. Ra3 Qb4 (23... Qb7 $16 24. Qc4 Rc6) 24. Ra6 Rc6 25. Rfa1 Rb6 26. Rxb6 Qxb6 27. Qc4 Rb8 28. e5 (28. h3 $18) 28... Nd7 29. Ra6 Qxb2 {Strongly threatening ...Qc1+.} 30. Qxe6+ {[%mdl 64] Double Attack} Kh8 {[#]} (30... Kf8 $16 {was called for.} 31. h4 (31. Qxd7 Qb1+ 32. Qd1 Qxd1+ 33. Nxd1 Rb1 $16) 31... Qxc3 32. Qxd7 Qc1+ 33. Kh2 Qf4+ 34. Kh3 Rd8) 31. h4 $1 ({Worse is} 31. Qxd7 Rd8 $11) ({Stronger than} 31. Nd1 Qc1 $11) 31... Qxc3 32. Qxe7 ({And not} 32. Qxd7 Qc1+ 33. Kh2 Qf4+ 34. Kh3 Rb1 $11) 32... Qc1+ 33. Kh2 Qf4+ 34. Kh3 Qf5+ {[#]} 35. Kg3 $1 {And now Ra7 would win.} h6 (35... h5 $142 36. Ra4 Nf8 37. Qxc5 Ne6) 36. Ra7 Qg6+ 37. Kh2 Nf8 38. Qxc5 Ne6 39. Qc4 Rb2 $2 (39... Qf5 {is a better chance.} 40. Re7 Rb6) 40. Ra2 (40. Ra6 $142 Rxf2 41. Ne1) 40... Nf4 $2 (40... Rxa2 $18 41. Qxa2 Qf5) 41. Ra8+ {Accuracy: White = 72%, Black = 32%.} 1-0

[Event "Portugal Open 2020"]
[Site "Lisbon"]
[Date "2020.01.26"]
[Round "3.5"]
[White "Sabuk, Piotr"]
[Black "Indjic, Aleksandar"]
[Result "0-1"]
[WhiteElo "2360"]
[BlackElo "2622"]
[Annotator "TA"]
[PlyCount "87"]
[EventDate "2020.01.25"]
[EventType "swiss"]
[EventCountry "POR"]
[SourceTitle "playchess.com"]
[Source "ChessBase"]
[SourceQuality "1"]

{[%evp 12,87,10,6,31,0,0,0,0,0,21,11,7,0,-5,-15,23,0,14,-23,0,0,0,0,79,77,72,71,80,97,109,72,69,0,-4,-107,-102,-122,-122,-173,-158,-161,-21,-20,-27,-35,-23,-269,-244,-253,-261,-314,-303,-337,-343,-340,-315,-484,-512,-504,-513,-513,-502,-985,-942,-978,-969,-930,-939,-835,-685,-951,-951,-944,-943,-943,-940,-905]} 1. d4 Nf6 2. c4 e6 3. Nc3 Bb4 4. f3 c5 5. d5 O-O 6. e4 d6 7. Nge2 a6 {E20: Nimzo-Indian: 4 g3 and 4 f3} (7... exd5 8. cxd5 b5 9. a4 bxa4 10. Rxa4 Nbd7 11. Ng3 Re8 12. Be2 Nb6 13. Ra1 c4 14. O-O Bc5+ 15. Kh1 Bd7 16. Bf4 {0-1 (57) Fedoseev,V (2677)-Socko,B (2618) Moscow 2019}) 8. Nf4 exd5 9. cxd5 b5 {The position is equal.} 10. a4 Ba5 11. Be2 Nbd7 12. O-O c4 $1 13. Kh1 $146 ({Predecessor:} 13. axb5 axb5 14. Be3 Rb8 15. Rb1 {0-1 (39) Kumar,A (2217)-Gauri,S (2364) Charlotte 2018}) 13... Rb8 14. Be3 $36 {[%mdl 2048] White is more active.} Ne5 15. Bd4 b4 16. Nb1 $1 Bb6 {[#]} 17. a5 $1 {[%mdl 512]} Bxa5 (17... Bxd4 $11 18. Qxd4 g5) 18. Nd2 $16 c3 19. Nb3 Bb6 20. bxc3 a5 21. c4 Nfd7 22. Bxb6 (22. Nh5 $1 $14 Ba6 23. Bxb6 Qxb6 24. Nxa5) 22... Qxb6 $11 23. Qd4 (23. Rxa5 $11 {remains equal.} Ba6 24. Rxa6 Qxa6 25. c5) 23... Qxd4 $1 $17 24. Nxd4 Ra8 $1 25. Nb5 {[#]} (25. Rfb1 $17 {was worth a try.} Nc5 26. Nc6) 25... Nc5 $1 $19 26. Nc7 (26. Nxd6 a4 $17) 26... Bd7 (26... Bb7 $19 27. Nh5 (27. Nxa8 Rxa8 28. Kg1 a4 $17) 27... a4) 27. Nxa8 $11 Rxa8 28. Rfb1 b3 29. Nd3 $2 (29. Bd1 $1 $11) 29... Nexd3 $19 (29... Ncxd3 30. Bxd3 Nxd3 31. Rxb3 $14) 30. Bxd3 a4 ({Weaker is} 30... Nxd3 31. Rxb3 Ne5 {[#]} 32. Rxa5 $1 $14 {[%mdl 512]}) 31. Be2 f5 ({Not} 31... a3 $2 32. Bd1 $18) 32. Kg1 Re8 ({Less strong is} 32... fxe4 33. fxe4 Re8 34. Bf3 $17) 33. Kf2 fxe4 34. f4 (34. g4 {was necessary.}) 34... e3+ {Black is clearly winning.} 35. Ke1 Bf5 36. Rb2 Bc2 37. Rxc2 (37. g4 $142 g6 38. h3) 37... bxc2 {[%mdl 4096] Endgame KRB-KRN} 38. Rc1 Rb8 39. Rxc2 Rb1+ 40. Bd1 Nb3 {...Nd4 is the strong threat.} 41. Ke2 Nd4+ 42. Kxe3 Nxc2+ 43. Bxc2 Rb4 {Hoping for ...a3.} 44. Kd4 {Accuracy: White = 45%, Black = 76%.} 0-1

[Event "Portugal Open 2020"]
[Site "Lisbon"]
[Date "2020.01.26"]
[Round "3.6"]
[White "Plichta, Kamil"]
[Black "Iturrizaga Bonelli, Eduardo"]
[Result "0-1"]
[WhiteElo "2353"]
[BlackElo "2597"]
[Annotator "TA"]
[PlyCount "66"]
[EventDate "2020.01.25"]
[EventType "swiss"]
[EventCountry "POR"]
[SourceTitle "playchess.com"]
[Source "ChessBase"]
[SourceQuality "1"]

{[%evp 9,65,-14,-8,-8,-8,-8,-8,-8,-7,-2,-7,-15,0,-34,0,-12,-8,-12,-8,-11,-15,-34,-12,-15,-12,-47,-31,0,-4,-35,-13,-73,-72,-113,-97,-143,-133,-247,-247,-585,-581,-582,-550,-836,0,-652,-623,-645,-632,-2281,-1524,-1436,-1443,-1327,-1321,-29989,-29990,-29999]} 1. d4 Nf6 2. Bg5 d5 3. Bxf6 exf6 4. e3 Bd6 5. g3 O-O (5... c6 6. Nd2 f5 7. Bg2 Nd7 8. Ne2 Nf6 9. c4 dxc4 10. Nxc4 Bc7 11. Qc2 Be6 12. a3 O-O 13. O-O {1-0 (40) Duda,J (2729)-Mamedyarov,S (2765) Paris 2019}) 6. Bg2 {D00: 1 d4 d5: Unusual lines} c6 7. Ne2 a5 8. O-O $146 {The position is equal.} ({Predecessor:} 8. Nd2 Be6 9. O-O Qd7 10. e4 Bc7 11. Re1 Na6 12. exd5 Bxd5 13. Bxd5 Qxd5 {½-½ (40) Dittmar,P (2347)-Skibbe,W (2082) Dresden 2006}) 8... Re8 9. Nd2 Be6 10. Nf4 Bf5 11. Bh3 Be4 12. Nxe4 dxe4 13. Ne2 g6 14. c4 f5 15. a3 Nd7 16. c5 Bc7 17. b4 Nf6 18. b5 h5 19. Nc3 Kg7 20. Qa4 (20. b6 $11 Bb8 21. f4) 20... Rc8 $17 21. Rfd1 ({Of course not} 21. bxc6 bxc6 22. Rfb1 h4 $11) 21... h4 22. bxc6 bxc6 23. Rab1 (23. d5 $17 cxd5 24. Rac1) 23... Rh8 $19 {And now ...hxg3 would win.} 24. Kg2 $2 (24. Bg2 {is a better chance.} hxg3 25. hxg3) 24... hxg3 25. hxg3 {[#]} Rxh3 $1 {[%mdl 576] Remove Defender} 26. Kxh3 Qh8+ 27. Kg2 Qh5 28. Rg1 {Qd1 is the strong threat.} Ng4 {[%cal Bf6g4,Bg4h2,Bh2f3][%mdl 32] ( -> ...Qh2+)} 29. Nd1 {aiming for Rh1.} Rh8 {[%csl Gh8][%cal Rh5h3]} 30. Kf1 Nh2+ 31. Ke1 Nf3+ {[%mdl 64] [#] Double Attack} 32. Kf1 Nxg1 33. Kxg1 Qh1# {Accuracy: White = 33%, Black = 68%.} 0-1

[Event "Portugal Open 2020"]
[Site "Lisbon"]
[Date "2020.01.26"]
[Round "3.7"]
[White "Petrov, Nikita"]
[Black "Taboas Rodriguez, Daniel"]
[Result "1-0"]
[WhiteElo "2592"]
[BlackElo "2348"]
[Annotator "TA"]
[PlyCount "55"]
[EventDate "2020.01.25"]
[EventType "swiss"]
[EventCountry "POR"]
[SourceTitle "playchess.com"]
[Source "ChessBase"]
[SourceQuality "1"]

{[%evp 10,55,76,69,105,91,86,68,81,76,67,60,80,59,98,88,125,129,119,118,124,123,131,116,127,119,120,130,299,295,370,381,387,372,362,352,350,350,497,469,511,476,454,427,1345,1304,29993,29994]} 1. e4 e6 2. d4 d5 3. Nd2 Nc6 4. Ngf3 Nf6 5. e5 Ne4 6. c3 f5 {C04: French Tarrasch: 3...Nc6} (6... Nxd2 7. Bxd2 Be7 8. Bd3 b6 9. b4 Nb8 10. O-O O-O 11. Qc2 h6 12. Bf4 Qd7 13. b5 a6 14. a4 c6 15. Qe2 axb5 16. axb5 Rxa1 17. Rxa1 cxb5 {1-0 (29) Khalifman,A (2651)-Ulanov,A (2392) Tyumen 2012}) 7. exf6 Nxf6 8. Bb5 Bd6 {White is slightly better.} 9. O-O O-O 10. Re1 Qe8 11. Ne5 $146 ({Predecessor:} 11. Bd3 Qh5 12. Nf1 Bd7 13. Ng3 Bxg3 14. fxg3 {1-0 (25) White,N (1911)-Nielsen,M ICCF email 2007}) 11... Bd7 12. Bd3 Rd8 13. Ndf3 Qh5 14. Bg5 Bxe5 15. dxe5 h6 16. Bh4 {[%mdl 64] Pin} ({Don't do} 16. exf6 $6 hxg5 17. fxg7 Kxg7 $14) 16... g5 17. Bxg5 $1 ({But not} 17. exf6 $6 gxh4 18. b4 Rxf6 $11) 17... hxg5 18. exf6 g4 $2 {[#]} (18... Rxf6 $16 19. Ne5 Qxd1 20. Raxd1 Kg7) 19. Ne5 $1 $18 {[%mdl 512]} Nxe5 {[#]} 20. Rxe5 $1 {[%mdl 512]} Qh4 (20... Qxe5 21. Qxg4+) 21. g3 Qxf6 22. Qxg4+ Kf7 23. Rae1 c5 (23... Rh8 {is a better defense.} 24. f4 Qh6) 24. Rxd5 Ke7 25. Rf5 Qh6 26. Rxc5 {Hoping for Rh5.} Rf6 (26... Qd2 $142 27. Qg7+ Rf7 28. Qg5+ Qxg5 29. Rxg5 Bc6) 27. Rh5 Qd2 28. Qb4+ {[%mdl 64] Double Attack. Accuracy: White = 89%, Black = 30%.} 1-0